LEADER 01616nam a2200301 u 4500 001 000000009921 003 CaOOAMICUS 005 20070226105246.0 008 940516s1980 it u000 u eng u 020 $a88-210-0570-4 035 $a10247639 040 $aPUL(R)$bita 041 0 $aeng$amul 111 2 $aInternational Congress of Medieval Canon Law$n(6th :$d1980 :$cBerkeley, Ca.).$0(OLS)http://pul/name/9783 245 10$aProceedings of the Sixth International Congress of Medieval Canon Law :$bBerkeley, California, 28 July-2 August 1980 /$cedited by Stephan Kuttner and Kenneth Pennington. 260 $aCittà del Vaticano :$bBiblioteca Apostolica Vaticana,$c1985. 300 $axxix, 665 p. ;$c26 cm 490 1 $aMonumenta iuris canonici.$aSeries C, Subsidia ;$v7 650 4$aDiritto canonico medievale$xCongressi.$0(OLS)http://pul/subject/7869 700 1 $aPennington, Kenneth.$0(OLS)http://pul/name/9778 700 1 $aKuttner, Stephan,$d1907-1996.$0(OLS)http://pul/name/4845 830 0$aMonumenta iuris canonici.$nSeries C,$pSubsidia ;$v7.$0(OLS)http://pul/title/13985 850 $aPUL 852 $aPUL$W1$xSL Diritto Canonico 3$y77$m262. 99 CAN.7 5.7$j14077$nBK-PRI$b $qDDC 21$B14077$CPULBib$Z2$F14077 $H53862 $82 941 1 $a9 996 $6020$a88-210-0570-4$9(OLS)http://pul/number/12584 996 $6245$aProceedings of the Sixth International Congress of Medieval Canon Law :$bBerkeley, California, 28 July-2 August 1980$9(OLS)http://pul/title/14527 996 $6260$aCittà del Vaticano :$bBiblioteca Apostolica Vaticana$9(OLS)http://pul/publisher/48729 LEADER 01230nam a2200301 u 4500 001 000000050222 003 CaOOAMICUS 005 20070226115210.0 008 000727s1997 it u000 u ita u 020 $a8831174002 035 $a10853055 040 $aPUL(R)$bita 100 1 $aNkafu Nkemnkia, Martin,$d1950-$0(OLS)http://pul/name/36215 245 13$aIl pensare africano come "vitalogia" /$cMartin Nkafu Nkemnkia ; presentazione di Ernest Ruch. 250 $a2. ed. 260 $aRoma :$bCittà Nuova,$c1997. 300 $a215 p. ;$c21 cm 500 $aComprende riferimenti bibliografici e indice. 650 4$aCultura$zAfrica$xStoria.$0(OLS)http://pul/subject/21147 650 4$aFilosofia.$0(OLS)http://pul/subject/362 700 1 $aRuch, Ernest.$0(OLS)http://pul/name/36216 850 $aPUL 852 $aPUL$W1$xSL Filosofia 2$y80$mPhil D4 68$j66617$nBK-PRI$b $qStampati altre collocazioni$B66617$CPULBib$Z2$F66617 $H $81 941 1 $a10 961 $aINV: 82419 996 $6020$a8831174002$9(OLS)http://pul/number/63541 996 $6245$aIl pensare africano come "vitalogia"$9(OLS)http://pul/title/67595 996 $6260$aRoma :$bCittà Nuova$9(OLS)http://pul/publisher/47927